[Event "Aerosvit 2007"]
[Site "Foros RUS"]
[Date "2007.06.25"]
[Round "7"]
[White "GM Nisipeanu, Liviu-Dieter(ROM)"]
[Black "GM Svidler, Peter(RUS)"]
[Result "1/2-1/2"]
[WhiteElo "2693"]
[BlackElo "2736"]
[Annotator "Ëåáåäåâ Âàñèëèé"]
[PlyCount "28"]
[EventDate "2007.06.25"]

1. e4 d6 2. d4 Nf6 3. Nc3 g6 {
Àëåêñàíäð Äþìà íàçâàë áû îò÷¸ò îá ýòîé ïàðòèè: «10 ëåò ñïóñòÿ».} 4. h3 {
Ëèâèó-Äèòåð òîæå ðåøèë ñõèòðèòü. Â åãî ïðàêòèêå ñêðîìíûé õîä êðàéíåé ïåøêîé åù¸
íå âñòðå÷àëñÿ.} ({Â ïîñëåäíèé ðàç ïîçèöèÿ ïåðåä ÷åòâ¸ðòûì õîäîì áåëûõ
âñòðåòèëàñü ó Ïåòðà â ñëåäóþùåé ïàðòèè:} 4. Bg5 h6 5. Bh4 Bg7 6. Qd2 Nbd7 7.
O-O-O g5 8. Bg3 Nh5 9. Nge2 e6 10. h4 a6 11. Bh2 gxh4 12. e5 Nb6 13. Nf4 Nxf4
14. Bxf4 dxe5 15. Bxe5 Bxe5 16. dxe5 Qxd2+ 17. Rxd2 Bd7 18. Rxh4 Bc6 19. Ne2
Rg8 20. g3 Nd7 21. Nd4 Nxe5 22. Nxc6 Nxc6 23. Rxh6 Ne5 24. Bg2 c6 25. Rh5 Nd7
26. Rd4 Rc8 27. Kd2 Ke7 28. Ke2 Nf6 29. Rh1 Rg5 30. Rhd1 {
(1/2 Leko,P (2630)-Svidler,P (2650)/Groningen 1996).}) 4... Bg7 5. Be3 c6 6. a4
O-O 7. g4 {Ðåçêî ñûãðàíî... À ïîëó÷èëîñü, ÷òî ñûãðàíî íà íè÷üþ ;)} Qa5 8.
Bg2 d5 {Åñëè Ï¸òð Ñâèäëåð â äåáþòå õîäèò äâà ðàçà îäíîé è òîé æå ïåøêîé â
òå÷åíèå ïåðâûõ 8-ìè õîäîâ, òî, çíà÷èò, õîä ýòîò õîðîøèé!} 9. e5 Ne4 10. Nge2
f6 $5 ({À âîò êàê èãðàþò ëþäè áåç ðåéòèíãà, êîãäà èì ýòî ïîçâîëÿþò äåëàòü:} 
10... c5 11. O-O cxd4 12. Qxd4 Nc6 13. Qxd5 Nxc3 14. Nxc3 Qb4 $2 (14... Bxe5)
15. Qb5 $1 $16 Qxb5 (15... a6 $142 16. Qxb4 Nxb4 17. Bc5 Nc6 18. f4) 16. axb5
Nxe5 17. Nd5 $18 Bd7 18. Nxe7+ Kh8 19. Bxb7 Rab8 20. Bc6 Rfe8 21. Bxa7 Rxb5 22.
Bxb5 Bxb5 23. Bc5 Bxf1 24. Kxf1 h5 25. gxh5 gxh5 26. Nf5 Bf6 27. Bd4 Re6 28.
Re1 {(1-0 Thomas,I - Pein,M (2410)/Israel 1988).}) 11. exf6 exf6 12. O-O f5 $5
(12... Nxc3 13. bxc3 f5 14. g5 Nd7 15. c4 dxc4 16. Bd2 Qc7 17. Nf4 Bxd4 18. Ne6
Qd6 19. Nxf8 Bxa1 20. Nxd7 Qxd7 21. Qxa1 Qxd2 22. Rd1 $4 (22. Re1 $1 Qd8 $8 23.
Qc3 $36) 22... Qxg5 23. Qe5 Kf7 24. Rb1 Qf6 25. Qf4 Qe7 26. a5 a6 27. Qxc4+ Be6
28. Qc3 Rd8 29. Qb2 Rd7 30. Qh8 Qf6 $6 (30... h5 31. Qh7+ Kf6 32. Qh8+ Qg7) 31.
Qxh7+ Kf8 {
Íè÷üÿ? Ãì-ì... (1/2 Mashinskaya,I (2381) - Dudukin,I (2291)/Bor 2000).}) 13.
Nxe4 fxe4 14. f3 exf3 {Óïñ! Íè÷üÿ...} 1/2-1/2

[Event "Aerosvit 2007"]
[Site "Foros RUS"]
[Date "2007.06.25"]
[Round "7"]
[White "GM Onischuk, Alexander(USA)"]
[Black "GM Dominguez Perez, Lenier(CUB)"]
[Result "1/2-1/2"]
[WhiteElo "2663"]
[BlackElo "2678"]
[Annotator "Êðîéòîð Ìèõàèë"]
[PlyCount "108"]
[EventDate "2007.06.25"]

1. d4 d5 2. c4 dxc4 3. e4 (3. Nf3) 3... e5 4. Nf3 exd4 5. Bxc4 Bb4+ 6. Nbd2 Nc6
7. O-O Nf6 8. e5 Nd5 9. Nb3 Nb6 10. Bg5 (10. Bb5 Qd5 11. Nbxd4 O-O 12. Bxc6
bxc6 13. Qc2 c5 14. Ne2 (14. Nf5 Qe6 15. Ng3 Qg6 16. Qxg6 hxg6 17. a3 Ba5 18.
Bd2 Bxd2 19. Nxd2 c4 20. Rac1 Be6 21. f4 Rfd8 22. Rf2 Rd4 23. Nb1 Na4 24. Nc3
Nc5 25. Rcc2 Nd3 26. Nge2 Rdd8 27. Rf1 Rab8 28. Rd1 Bf5 29. Rcd2 Re8 30. b4 g5
31. fxg5 Rbd8 32. Ng3 Bg4 33. Rf1 Rxe5 34. h3 Be6 35. h4 Rd4 36. g6 fxg6 37.
Re2 Rxe2 38. Ngxe2 Rxh4 39. Nb5 c5 40. Nc7 Bg4 41. Nc3 cxb4 42. axb4 Nxb4 43.
Rf4 g5 44. Rxc4 Bd7 45. Rc5 Rg4 46. N7d5 Nxd5 47. Nxd5 Rd4 48. Ne7+ Kf7 49. Nc6
Bxc6 50. Rxc6 a5 51. Rc5 a4 52. Rxg5 a3 53. Ra5 Rd3 54. Kh2 Ke6 55. g3 Rd2+ 56.
Kh3 a2 57. Kh4 Kd6 58. g4 Kc6 59. Ra8 Kb6 60. Ra3 Kb5 61. Ra7 Kb4 {
0-1 Bologan,V (2666)-Rublevsky,S (2687)/Foros UKR 2006/The Week in Chess 607})
14... c4 15. Nf4 Qb5 16. a3 Be7 17. a4 Qc6 18. Be3 Bb7 19. Nd4 Qe4 20. Qxe4
Bxe4 21. Nb5 Rfc8 22. Nc3 Bc6 23. a5 Nd7 24. Nfd5 Bf8 25. Bd4 Rab8 26. Bxa7
Rxb2 27. Bd4 Nc5 28. a6 Rd2 29. Bxc5 Bxc5 30. Ra5 Bb6 31. Ne7+ Kf8 32. Nxc6
Bxa5 33. Nxa5 Ra8 34. Nb5 Rxa6 35. Nxc4 Rc2 36. Ne3 Rc5 37. Nd4 Rxe5 38. Rb1 g6
39. g3 Rd6 40. Nc4 {1-0 Dreev,A (2694)-Paragua,M (2596)/Khanty Mansyisk RUS
2005/The Week in Chess 578}) 10... Be7 11. Bxe7 Qxe7 12. Bb5 Bd7 13. Bxc6 Bxc6
14. Nfxd4 Bd5 15. Qg4 O-O 16. f4 g6 17. Nf5 {
õîä, ïîääåðæèâàåìûé ðûáêîé. Âñ¸ áûëî âûâåðåíî äîìà?} (17. Rae1 f5 18. exf6 Qxf6
19. f5 Bc4 20. Rf3 Bd5 21. Rff1 Bc4 22. Rf3 Bd5 23. Rfe3 Kh8 24. Re7 gxf5 25.
Nxf5 Rf7 26. Re8+ Rf8 27. R8e7 Rf7 28. Re8+ Rf8 29. Rxa8 Nxa8 30. Re7 Bxg2 31.
Nbd4 Bd5 32. Rxh7+ Kxh7 33. Qh5+ Kg8 34. Nh6+ Qxh6 35. Qxh6 Rf7 36. Nf5 Nb6 37.
Qg5+ Kh7 38. Qh5+ {1-0 Leon Hoyos,M (2454)-Abreu Delgado,A (2498)/Havana CUB
2007/The Week in Chess 656}) 17... Qd7 18. Ne3 (18. Nh6+ Kh8 19. Qg3 Bxb3 20.
axb3 $14) 18... Qxg4 19. Nxg4 Rfd8 20. Nf6+ Kg7 21. Rfd1 (21. Na5 Na4 22. Rfd1
Be6 23. b3 Rxd1+ 24. Rxd1 Nc3 25. Rd2 Rb8) 21... a5 22. Rd4 (22. Rac1 Bxb3 23.
axb3 c6) 22... Bxb3 23. Rxd8 Rxd8 24. axb3 Rd4 25. Rxa5 (25. Ne8+ Kf8 26. Nxc7
Rxf4 27. Rxa5 Rb4 $11 28. Rb5 Rxb5 29. Nxb5 $14) 25... Rxf4 26. Rb5 Kf8 27.
Nxh7+ Ke7 28. Nf6 ({Äóìàåòñÿ, ëó÷øå áûëî ïîäâåñòè êîíÿ ê êîðîëþ:} 28. Ng5 Rd4
29. Nf3 Rd1+ 30. Kf2 Rb1 31. g4 Rxb2+ 32. Kg3 {ó áåëûõ õîðîøàÿ èãðà íà
êîðîëåâñêîì ôëàíãå - ñ óãðîçîé ñîîçäàòü ïðîõîäíóþ ïåøêó.}) 28... Ke6 {
ïîçèöèÿ â áàëàíñå - çà ïåøêó ó ÷¸ðíûõ áîëåå àêòèâíûå ôèãóðû.} 29. g3 Rd4 30.
h4 Rd2 31. Ne4 Rxb2 32. Ng5+ Ke7 {ñðàâíÿëîñü âñ¸ ïî ìàòåðèàëó. Ó áåëûõ áîëüøå
ïðîñòðàíñòâà, íî èõ êîðîëü îòðåçàí îò äåéñòâèé.} 33. g4 (33. Rb4) 33... Nd7 34.
h5 gxh5 35. gxh5 b6 36. h6 Ra2 37. Rd5 Ra8 38. Kf2 $2 (38. h7 Rh8 39. e6 fxe6
40. Rd3 Nf6 41. Rf3 c5 $11) 38... Rh8 39. h7 c6 40. Rd1 Nxe5 41. Rh1 Kf6 42.
Ne4+ Kg7 43. Rh5 f6 $2 (43... Nd7 $19) 44. Rh1 Kg6 ({ïîñëå} 44... Rxh7 45.
Rxh7+ Kxh7 46. Nxf6+ Kg6 47. Ne4 Kf5 48. Ke3 Ke6 $15 {
ìîã ïîëó÷èòüñÿ î÷åíü èíòåðåñíûé ýíäøïèëü. Ïðàâäà, îí îïÿòü òÿíåò íà íè÷üþ.}
) 45. Ke3 Nd7 46. Rg1+ Kf7 47. Rh1 Nf8 48. Rh6 Rxh7 49. Rxf6+ Ke7 50. Rxc6 Rh3+
51. Kd2 Rxb3 52. Kc2 Rb4 53. Nd6 Kd7 54. Rc4 Rxc4+ {ñîãëàñèëèñü.} 1/2-1/2

[Event "Aerosvit 2007"]
[Site "Foros RUS"]
[Date "2007.06.25"]
[Round "7"]
[White "GM Sasikiran, Krishnan(IND)"]
[Black "GM Shirov, Alexei(ESP)"]
[Result "0-1"]
[WhiteElo "2690"]
[BlackElo "2699"]
[Annotator "Ëåáåäåâ Âàñèëèé"]
[PlyCount "80"]
[EventDate "2007.06.25"]

{Â ñëåäóþùåì ïîåäèíêå ñîïåðíèêè ïðîâåðèëè ïîçíàíèÿ äðóã äðóãà â îäíîì
àêòóàëüíîì âàðèàíòå íîâîèíäèéñêîé çàùèòû} 1. d4 Nf6 2. c4 e6 3. Nf3 b6 4. g3
Ba6 5. b3 Bb4+ 6. Bd2 Be7 7. Bg2 c6 8. Bc3 d5 9. Ne5 Nfd7 10. Nxd7 Nxd7 11. Nd2
O-O 12. O-O Rc8 13. e4 c5 14. exd5 exd5 15. dxc5 dxc4 16. c6 cxb3 17. Re1 b2
18. Bxb2 Nc5 19. Nc4 Bxc4 20. Qg4 Bg5 21. Qxc4 Nd3 22. Be5 Nxe1 23. Rxe1 Bf6
24. Bxf6 Qxf6 25. c7 Qd6 26. Rc1 b5 27. Qc2 {
Êîìïåíñàöèÿ ó áåëûõ òóò, «êîíå÷íî» æå, åñòü} b4 ({
È åñëè ÷¸ðíûå ÷óòü çàçåâàþòñÿ, òî äåëî ìîæåò çàêîí÷èòüñÿ âîò òàê:} 27... g6
28. Bb7 a5 $6 (28... b4) 29. Qc5 Qxc5 30. Rxc5 b4 31. Kf1 Rfe8 32. Bxc8 Rxc8
33. Ke2 {È ñïàñòè ýòîò ëàäåéíûé ýíäøïèëü ÷¸ðíûå íå ñìîãëè:} Kf8 34. Kd3 a4 35.
Rc4 ({åñëè} 35. Kc4 {, òî} b3 $1 36. axb3 axb3 37. Kxb3 Ke7 38. Kc4 Kd6 39. Kd4
f6 $11) 35... b3 36. a3 Ke7 37. Kc3 g5 38. Rxa4 Rxc7+ 39. Kxb3 Rc1 40. Re4+ Kd6
41. Rd4+ Kc5 42. Rd7 Rh1 43. Rxf7 Rxh2 44. Kc3 h5 45. a4 Kb6 46. Rf5 g4 47. Kd3
Kc6 48. Ke3 Kd6 49. a5 Kc6 50. a6 Kb6 51. Ra5 Ka7 52. Ra1 Rh3 53. Kf4 Rh2 54.
Kg5 Rh3 55. Ra5 Rh1 56. Kg6 Rh2 57. Rxh5 Rxf2 58. Kg5 Kxa6 59. Kxg4 Kb6 60. Rf5
Rg2 61. Kh4 Kc6 62. g4 Kd6 63. Kh5 Ke6 64. Rf1 Ke7 65. g5 Ke8 66. Kh6 Ke7 67.
g6 Rg3 68. g7 Rg4 69. Rf8 {
(1-0 Radjabov,T (2729) - Aronian,L (2744)/Monte Carlo MNC 2007).}) 28. Bb7 g6
29. h4 ({Íà ñëåäóþùèé äåíü ïîñëå ñâîåãî ôèàñêî â ïàðòèè ïðîòèâ Ðàäæàáîâà,
Ëåâîí, âèäèìî, ïîêîïàâøèñü â Ìåãàáàçå, ïðîäåìîíñòðèðîâàë êàê áû
îòðåìîíòèðîâàííûé âàðèàíò.} 29. h4 h5 ({íî íå} 29... Rfe8 $6 30. Qa4 $16 Qd2
31. Qc6 a5 32. Bxc8 Rxc8 33. Kg2 Kg7 34. Rc2 Qd3 35. Rc5 a4 36. Qxa4 Qe4+ 37.
Kh2 Qd4 38. Qc2 h5 39. Kg2 Qd6 40. Qb2+ f6 41. Qc2 Kf7 42. Qc4+ Kg7 43. Rc6 Qd7
44. Qc5 Kf7 {1-0 Kramnik,V (2772) - Leko,P (2738)/Miskolc HUN 2007}) 30. Kf1 (
30. Kh2 a5 31. Kg2 Kg7 32. Qb2+ Kh7 33. Qc2 Kg7 34. Qc4 a4 35. Bxc8 Rxc8 36.
Rc2 b3 37. axb3 axb3 38. Qxb3 Rxc7 39. Qb2+ Kh7 40. Rxc7 {
1/2 Georgiev,K (2670)-Komarov,D (2600)/Niksic 1997}) (30. Kg2 a5 31. Qc4 Kg7
32. Bxc8 {1/2 Beliavsky,A (2654) - Hracek,Z (2612)/Germany 2001}) 30... a5 31.
Qc5 Qxc5 32. Rxc5 a4 33. Ke2 b3 34. axb3 axb3 35. Kd3 Rfe8 36. Kc3 (36. Ba6 $5)
36... Kf8 $2 ({è òåïåðü áûëà ìîìåíòàëüíàÿ è êðàñèâàÿ íè÷üÿ:} 36... Re5 $3 37.
Rxe5 (37. Rc4 $4 b2 $1 $19) 37... Rxc7+ 38. Kxb3 Rxb7+) 37. Kxb3 (37. Ba6 $5)
37... Ke7 $11 38. Kc4 Kd6 39. Bxc8 Rxc8 40. f4 Rxc7 41. Rxc7 Kxc7 42. Kd5 Kd7
43. f5 Ke7 44. Ke5 f6+ 45. Kf4 gxf5 46. Kxf5 Kf7 {
(1/2 Ivanchuk,V (2750) - Aronian,L (2744)/Monte Carlo MNC 2007).}) ({
Íå ïîñòàâèëî ïðîáëåì ïåðåä ÷¸ðíûìè è} 29. Qc5 Qxc5 30. Rxc5 Rfe8 ({íåóäà÷íûé
(ÈÌÕÎ) ïëàí ïðîâîäèëè â æèçíü ÷¸ðíûå â ñëåäóþùåé ïàðòèè. Ìîæåò áûòü, è åãî
áû õâàòèëî äëÿ íè÷üåé, íî ÷¸ðíûå ïîñòîÿííî ïðåäîñòàâëÿëè ïðîòèâíèêó êàêèå-òî
øàíñèêè, è, â êîíöå êîíöîâ, - ïðîèãðàëè:} 30... Kg7 31. Rc6 Rfe8 32. Ba6 Kf8
33. Rc2 f5 34. Kg2 Kf7 35. Kf3 Rf8 36. Kf4 Ke6 37. Rc4 Kd6 38. Bxc8 Rxc8 39.
Rxb4 Rxc7 40. Ra4 Kc5 41. Kg5 Kb5 42. Rf4 a5 43. Kh6 a4 44. a3 Rc3 45. Kxh7
Rxa3 46. Kxg6 Rc3 47. Rxf5+ Kb4 48. Rf8 a3 49. Rb8+ Ka5 50. Rb1 Rf3 51. h4 Rxf2
52. g4 Rf4 53. Kh5 Ka4 54. g5 Rb4 55. Ra1 Kb3 56. g6 Kb2 57. Rg1 a2 58. Rg2+
Ka3 59. Rxa2+ Kxa2 60. g7 Rb8 61. Kg6 Kb3 62. Kh7 {
(1-0 Wang Yue (2626) - Sokolov,A (2589)/Paris 2006).}) 31. Kf1 Kf8 32. Bxc8
Rxc8 33. Ke2 Ke7 34. Kd3 Kd6 35. Kc4 Rxc7 36. Rxc7 Kxc7 37. Kxb4 Kb6 38. f4 f5
39. h3 h6 40. Kc4 Kc6 41. a3 a6 42. Kd4 Kd6 43. a4 a5 44. Kc4 Kc6 45. h4 h5 {
(1/2 Bacrot,E (2729) - Lutz,C (2616)/Gothenburg 2005).}) 29... h5 30. Kf1 {
Ïîêà ñîïåðíèêè ïîâòîðÿþò ïàðòèþ Èâàí÷óê-Àðîíÿí.} a5 31. Qc6 $146 {Íîâèíêà!
Ãåíèàëüíàÿ! Íî ãåíèàëüíîñòè, çàêëþ÷¸ííîé â íåé, íå ïîíÿë è ñàì àâòîð...} ({
Âïåðâûå ñòîëêíóâøèñü âïëîòíóþ ñ ýòèì âàðèàíòîì, ðåøèë ÿ íåìíîãî ïîàíàëèçèðîâàòü
:} 31. Qc5 Qxc5 32. Rxc5 a4 33. Ke2 b3 34. axb3 axb3 35. Kd3 Rfe8 {
Êàê â ïàðòèè Èâàí÷óê - Àðîíÿí.} (35... Kg7 36. Rc6 $1) {À òåïåðü èñïðîáóåì}
36. Ba6 $5 (36. Bxc8 Rxc8 37. Kc3 Kf8 38. Kxb3 Ke7 39. Kc4 Kd6 40. Kd4 f6 $11 {
- ýòîò ýíäøïèëü ðàçáåð¸ì íåñêîëüêî ïîïîçæå.}) ({ïîâòîðèìñÿ: íà} 36. Kc3 {
, êàê áûëî â óïîìèíàâøåéñÿ ïàðòèè, ïîñëåäóåò} Re5 $3 $11) 36... Kg7 37. Kc3 Kf6
38. Rc4 $5 ({èëè} 38. Kxb3 Ke6 39. Bxc8+ Rxc8 40. Kc4 Kd6 41. Kd4 f6 {
è ñëåäóåò îáåùàííûé ðàçáîð:} 42. f4 Rxc7 43. Rxc7 Kxc7 44. g4 $1 hxg4 45. f5 $1
Kd6 $1 46. fxg6 Ke7 47. h5 f5 48. h6 g3 49. Ke3 Kf6 50. g7 Kf7 51. Kf3 f4 $11)
38... Rf8 $1 (38... Ke5 $2 39. Rc6 $1 Kd5 40. Bb7 $18) (38... Ke6 $4 39. Re4+
Kd6 40. Rxe8  $18) 39. Bxc8 Rxc8 40. Kxb3 Ke7 41. Kc3 Kd6 42. Kd4 f6 $1 ({íî íå} 
42... Rxc7 $4 43. Rxc7 Kxc7 44. Ke5 $18 {, òî åñòü:} Kd8 45. Kf6 Ke8 46. f4 Kf8
47. f5 $1 {, è äàëüøå âñ¸ ÿñíî}) 43. f4 Rxc7 44. Rxc7 Kxc7 45. g4 hxg4 46. f5
Kd6 $1 {è ò.ä.}) {Òåïåðü ñìûñë íîâèíêè ñòàíîâèòñÿ ïîíÿòíûì: áåëàÿ ëàäüÿ áóäåò
ìåøàòü ïðîíèêíîâåíèþ ÷¸ðíîãî êîðîëÿ â èãðó ÷åðåç ïîëå f6...} 31... Qxc6 $2 {
Ñåðü¸çíàÿ îøèáêà!} ({Òóò íàäî èñêàòü äðóãîå ïðîäîëæåíèå. Ìîæåò áûòü,} 31... Qe6
$5) 32. Rxc6 a4 ({Îòðåçàòü áåëîãî êîðîëÿ íå ïîëó÷àåòñÿ.} 32... Rfe8 33. Bxc8
$1 Rxc8 34. Ke2 Kf8 35. Kd3 a4 36. Kc4 ({â ñëó÷àå} 36. Rc4 b3 37. a3 {
ïîëó÷àåòñÿ ýíäøïèëü, àíàëîãè÷íûé òîìó, ÷òî âîçíèê â ïàðòèè Ðàäæàáîâ -
Àðîíÿí, íî ñ ëàäü¸é íà ñ6 ýòî íå ëó÷øåå ïðîäîëæåíèå}) 36... b3 37. axb3 axb3 ({
èëè} 37... a3 38. Kc3 Ke7 39. b4 Kd7 40. Rc4 $18) 38. Kxb3 Ke7 39. Kc4 Kd7 40.
Kd5 Rxc7 ({(à ÷òî åù¸?} 40... Re8 41. c8=Q+ $1 Rxc8 42. Rxc8 Kxc8 43. Ke5 $18)
41. Rxc7+ Kxc7 42. Ke5 $18) 33. Ke2 b3 34. axb3 axb3 $2 ({Ëó÷øèì øàíñîì áûëî} 
34... a3 35. Bxc8 Rxc8 36. Rc2 a2 37. Rxa2 Rxc7 38. b4 $16 {, õîòÿ äóìàåòñÿ
ìíå, ÷òî óäåðæàòü ýòîò «ëàäåéíèê» ÷¸ðíûì áûëî áû ÷ðåçâû÷àéíî ñëîæíî...})
35. Kd2 Rfe8 36. Ba6 $4 {Âîò ýòî äà....} ({Åñëè íå âûèãðûâàëî, òî, ïî
«êðàéíåé ìåðå», ïåðåâîäèëî èãðó â òðóäíåéøèé äëÿ ÷¸ðíûõ ýíäøïèëü ïðîñòîå} 
36. Bxc8 $1 Rxc8 37. Kc3 b2 38. Kxb2 {
è íå ïðîõîäèò ïîïûòêà ïîäáåæàòü ê ïåøêå ñ7 êîðîë¸ì:} Kf8 {
(à ðàçâå åñòü òóò êàêàÿ-íèáóäü èíàÿ ðàçóìíàÿ èäåÿ?)} 39. Kc3 Ke7 40. Kc4 Kd7
41. Kd5 Rxc7 42. Rxc7+ Kxc7 43. Ke5 $18 {
- è ýòîò «ïåøå÷íèê» ìû óæå âûèãðûâàëè.}) 36... b2 37. Kc2 Re6 $1 $19 38.
Rxe6 ({Èëè} 38. Bxc8 Rxc6+ 39. Kxb2 Rxc7 $19) 38... Rxc7+ 39. Kxb2 fxe6 40. Kb3
Rc1 $19 0-1